[Event "Ghent Taminco op 35th"]
[Site "Ghent"]
[Date "2012.07.15"]
[Round "4"]
[White "Weijers, S."]
[Black "Janssen, Paul"]
[Result "0-1"]
[WhiteElo "1504"]
[BlackElo "1759"]
[PlyCount "72"]
[EventDate "2012.07.14"]
[EventType "swiss"]
[EventRounds "9"]
[EventCountry "BEL"]
[SourceTitle "CBM 149 Extra"]
[Source "ChessBase"]
[SourceDate "2012.08.24"]
[SourceVersion "1"]
[SourceVersionDate "2012.08.24"]
[SourceQuality "1"]

1. e4 e6 2. d4 d5 3. e5 c5 4. c3 Ne7 5. Nf3 cxd4 6. cxd4 Bd7 7. Bd2 Nbc6 8. Bd3 Ng6 9. 0-0 Be7 10. Nc3 a6 11. Na4 b5 12. Nc5 Ncxe5 13. Nxe5 Nxe5 14. dxe5 Bxc5 15. Qg4 Kf8 16. Rac1 h5 17. Qf4 Be7 18. Bg6 Be8 19. Rc3 Rh6 20. Rg3 f5 21. exf6 Bxf6 22. Bd3 Bf7 23. Bb4+ Ke8 24. Rc1 e5 25. Re1 Be6 26. Rxe5 Bxe5 27. Qxe5 Qf6 28. Qc7 Rc8 29. Qb7 Rc1+ 30. Bf1 d4 31. Rf3 Bc4 32. g3 Bxf1 33. Qe4+ Kd7 34. Rxf6 Bd3+ 35. Qe1 Rxe1+ 36. Bxe1 Rxf6 0-1